Where is ........? - Statistics

General Stats
  • This quiz has been taken 43 times
  • The average score is 32 of 36
Answer Stats
Question Tile Select % Correct
Where is Finland? No
97%
Where is Finland? No
97%
Where is Finland? No
97%
Where is Finland? No
97%
Where is Finland? No
97%
Where is Finland? No
97%
Where is Finland? No
97%
Where is Finland? No
97%
Where is Finland? Yes
97%
Where is Egypt? No
97%
Where is Egypt? No
97%
Where is Egypt? No
97%
Where is Egypt? No
97%
Where is Egypt? No
97%
Where is Egypt? No
97%
Where is Egypt? No
97%
Where is Egypt? No
97%
Where is Egypt? Yes
97%
Where is Old United States flag? No
90%
Where is Old United States flag? No
90%
Where is Old United States flag? No
90%
Where is Old United States flag? No
90%
Where is Old United States flag? No
90%
Where is Old United States flag? No
86%
Where is Old United States flag? No
86%
Where is Old United States flag? No
86%
Where is Romania? No
83%
Where is Romania? No
83%
Where is Romania? No
79%
Where is Romania? No
79%
Where is Romania? No
79%
Where is Romania? No
79%
Where is Old United States flag? Yes
79%
Where is Romania? No
76%
Where is Romania? No
72%
Where is Romania? Yes
69%
No matching quizzes found
Score Distribution
Percent of People with Each Score
Percentile by Number Answered
Your Score History
You have not taken this quiz